000 00558nam a2200169 i 4500
001 57454
003 ES-MaACL
005 20230906163559.0
007 t|
008 031016s1960 sp ||||1| spa d
100 1 _aDorfman, Robert.
_945401
245 1 0 _aProgramación lineal
_b: su aplicación a la teoria de la empresa /
_cRobert Dorfman ; traducción del inglés por Alfonso García Barbancho.
260 _aMadrid :
_bAguilar,
_c1960.
300 _aXII, 133 p. ;
_c18 cm.
700 0 _aBarbancho, Alfonso G.
_925380
852 _aES-MaACL
_jE-896
_bR.47462
999 _c57454
_d57454